Memorial histórico jurídico político de la Santa Iglesia Catedral De la Puebla de los Angeles
Bewaard in:
| Hoofdauteur: | |
|---|---|
| Formaat: | Boek |
| Taal: | Spaans |
| Gepubliceerd in: |
Puebla
Gobierno del estado de Puebla
1988
|
| Onderwerpen: | |
| Tags: |
Voeg label toe
Geen labels, Wees de eerste die dit record labelt!
|
MARC
| LEADER | 00000nam a2200000 a 4500 | ||
|---|---|---|---|
| 001 | UCX8707 | ||
| 003 | CL-VaPUC | ||
| 008 | 940420e19880000MX |||||||||||||||||spa|d | ||
| 082 | 0 | 4 | |a 277.72 |b CAL |2 21 |
| 100 | 0 | |a Calderón, Juan Alonso |e author |9 325890 | |
| 245 | 1 | 0 | |a Memorial histórico jurídico político de la Santa Iglesia Catedral De la Puebla de los Angeles |
| 300 | |a 89 p | ||
| 942 | |c BK | ||
| 945 | |d 19940420 00:00:00 |a aalvarez | ||
| 260 | |a Puebla |b Gobierno del estado de Puebla |c 1988 | ||
| 650 | 7 | |a HISTORIA ECLESIASTICA |2 CL-VaPUC |9 325891 | |
| 651 | 0 | |a México |9 255269 | |
| 583 | |a last modification |c 19940420 00:00:00 |k Rodrigo Vera | ||
| 999 | |c 228129 |d 228127 | ||
| 952 | |0 0 |1 0 |4 0 |6 277_720000000000000_CAL_1988 |7 0 |8 DER_HDC |9 227773 |a BIBDER |b BIBDER |d 2019-11-15 |i 2970104 |l 1 |o 277.72 CAL 1988 |p 2970104 |r 2023-01-25 |s 2020-03-19 |w 2019-11-15 |x Ubicación 4to Piso |y BK |z Estos recursos deben solicitarse con anticipación |k DER | ||